<?xml version="1.0" encoding="UTF-8"?>
<record
    xmlns:xsi="http://www.w3.org/2001/XMLSchema-instance"
    xsi:schemaLocation="http://www.loc.gov/MARC21/slim http://www.loc.gov/standards/marcxml/schema/MARC21slim.xsd"
    xmlns="http://www.loc.gov/MARC21/slim">

  <leader>01542nam2a2200349   4500</leader>
  <controlfield tag="001">rc\3061074</controlfield>
  <controlfield tag="005">20260405231623.0</controlfield>
  <datafield tag="010" ind1=" " ind2=" ">
    <subfield code="b">&#x412; &#x43F;&#x435;&#x440;.</subfield>
    <subfield code="d">25 &#x440;. 50 &#x43A;.</subfield>
    <subfield code="9">1000</subfield>
  </datafield>
  <datafield tag="021" ind1=" " ind2=" ">
    <subfield code="a">RU</subfield>
    <subfield code="b">[41-25647]</subfield>
  </datafield>
  <datafield tag="035" ind1=" " ind2=" ">
    <subfield code="a">(NLR Aleph) 007199780</subfield>
  </datafield>
  <datafield tag="090" ind1=" " ind2=" ">
    <subfield code="a">13627243</subfield>
    <subfield code="c">13627243</subfield>
  </datafield>
  <datafield tag="100" ind1=" " ind2=" ">
    <subfield code="a">20111013d1941    k  y0rusy50      ca</subfield>
  </datafield>
  <datafield tag="101" ind1="0" ind2=" ">
    <subfield code="a">rus</subfield>
    <subfield code="a">lat</subfield>
    <subfield code="d">eng</subfield>
  </datafield>
  <datafield tag="102" ind1=" " ind2=" ">
    <subfield code="a">RU</subfield>
  </datafield>
  <datafield tag="105" ind1=" " ind2=" ">
    <subfield code="a">ab z |||||</subfield>
  </datafield>
  <datafield tag="200" ind1="1" ind2=" ">
    <subfield code="a">&#x41F;&#x43B;&#x430;&#x441;&#x442;&#x438;&#x43D;&#x447;&#x430;&#x442;&#x43E;&#x43A;&#x43B;&#x44E;&#x432;&#x44B;&#x435;</subfield>
    <subfield code="f">&#x410;.&#x42F;. &#x422;&#x443;&#x433;&#x430;&#x440;&#x438;&#x43D;&#x43E;&#x432;</subfield>
  </datafield>
  <datafield tag="210" ind1=" " ind2=" ">
    <subfield code="d">1941</subfield>
  </datafield>
  <datafield tag="215" ind1=" " ind2=" ">
    <subfield code="a">VIII, 388 &#x441;., 5 &#x432;&#x43A;&#x43B;. &#x43B;. &#x438;&#x43B;.</subfield>
    <subfield code="c">&#x438;&#x43B;., &#x43A;&#x430;&#x440;&#x442;.</subfield>
    <subfield code="d">25</subfield>
  </datafield>
  <datafield tag="225" ind1="0" ind2=" ">
    <subfield code="a">...</subfield>
    <subfield code="v">&#x2116; 30</subfield>
  </datafield>
  <datafield tag="300" ind1=" " ind2=" ">
    <subfield code="a">&#x420;&#x435;&#x437;&#x44E;&#x43C;&#x435; &#x43D;&#x430; &#x430;&#x43D;&#x433;&#x43B;. &#x44F;&#x437;.</subfield>
  </datafield>
  <datafield tag="320" ind1=" " ind2=" ">
    <subfield code="a">&#x410;&#x43B;&#x444;&#x430;&#x432;&#x438;&#x442;&#x43D;&#x44B;&#x439; &#x443;&#x43A;&#x430;&#x437;&#x430;&#x442;&#x435;&#x43B;&#x44C;: &#x441;. 379-82</subfield>
  </datafield>
  <datafield tag="320" ind1=" " ind2=" ">
    <subfield code="a">&#x411;&#x438;&#x431;&#x43B;&#x438;&#x43E;&#x433;&#x440;.: &#x441;. 93-9</subfield>
  </datafield>
  <datafield tag="461" ind1=" " ind2="0">
    <subfield code="1">001rc\2986767</subfield>
    <subfield code="1">2001#$a&#x424;&#x430;&#x443;&#x43D;&#x430; &#x421;&#x421;&#x421;&#x420;$i&#x41F;&#x442;&#x438;&#x446;&#x44B;$f&#x433;&#x43B;&#x430;&#x432;. &#x440;&#x435;&#x434;. &#x430;&#x43A;&#x430;&#x434;. &#x421;.&#x410;. &#x417;&#x435;&#x440;&#x43D;&#x43E;&#x432;$g&#x440;&#x435;&#x434;. &#x410;.&#x410;. &#x428;&#x442;&#x430;&#x43A;&#x435;&#x43B;&#x44C;&#x431;&#x435;&#x440;&#x433;$v&#x422;. I, &#x432;&#x44B;&#x43F;. 4</subfield>
    <subfield code="9">6961034</subfield>
    <subfield code="c">&#x41C;&#x43E;&#x441;&#x43A;&#x432;&#x430;</subfield>
    <subfield code="d">1937-1985</subfield>
    <subfield code="f">&#x433;&#x43B;&#x430;&#x432;. &#x440;&#x435;&#x434;. &#x430;&#x43A;&#x430;&#x434;. &#x421;.&#x410;. &#x417;&#x435;&#x440;&#x43D;&#x43E;&#x432;</subfield>
    <subfield code="i">&#x41F;&#x442;&#x438;&#x446;&#x44B;</subfield>
    <subfield code="n">&#x418;&#x437;&#x434;&#x430;&#x442;&#x435;&#x43B;&#x44C;&#x441;&#x442;&#x432;&#x43E; &#x410;&#x43A;&#x430;&#x434;&#x435;&#x43C;&#x438;&#x438; &#x43D;&#x430;&#x443;&#x43A; &#x421;&#x421;&#x421;&#x420;</subfield>
    <subfield code="t">&#x424;&#x430;&#x443;&#x43D;&#x430; &#x421;&#x421;&#x421;&#x420;</subfield>
    <subfield code="v">&#x422;. I, &#x432;&#x44B;&#x43F;. 4</subfield>
  </datafield>
  <datafield tag="606" ind1="1" ind2=" ">
    <subfield code="a">&#x41F;&#x43B;&#x430;&#x441;&#x442;&#x438;&#x43D;&#x447;&#x430;&#x442;&#x43E;&#x43A;&#x43B;&#x44E;&#x432;&#x44B;&#x435;</subfield>
    <subfield code="y">&#x421;&#x421;&#x421;&#x420;</subfield>
    <subfield code="9">1938728</subfield>
    <subfield code="3">RU\NLR\AUTH\66885764</subfield>
  </datafield>
  <datafield tag="686" ind1="0" ind2=" ">
    <subfield code="a">&#x415;693.352.7(2)</subfield>
    <subfield code="2">rubbk</subfield>
  </datafield>
  <datafield tag="700" ind1=" " ind2="1">
    <subfield code="8">rus</subfield>
    <subfield code="7">ca</subfield>
    <subfield code="a">&#x422;&#x443;&#x433;&#x430;&#x440;&#x438;&#x43D;&#x43E;&#x432;</subfield>
    <subfield code="b">&#x410;. &#x42F;.</subfield>
    <subfield code="f">1880-1948</subfield>
    <subfield code="g">&#x410;&#x440;&#x43A;&#x430;&#x434;&#x438;&#x439; &#x42F;&#x43A;&#x43E;&#x432;&#x43B;&#x435;&#x432;&#x438;&#x447;</subfield>
    <subfield code="3">RU\NLR\AUTH\77105515</subfield>
    <subfield code="9">88440</subfield>
  </datafield>
  <datafield tag="801" ind1=" " ind2="0">
    <subfield code="a">RU</subfield>
    <subfield code="b">NLR</subfield>
    <subfield code="g">psbo</subfield>
  </datafield>
  <datafield tag="801" ind1=" " ind2="1">
    <subfield code="a">RU</subfield>
    <subfield code="b">ELAR</subfield>
    <subfield code="2">rusmarc</subfield>
  </datafield>
  <datafield tag="801" ind1=" " ind2="2">
    <subfield code="a">RU</subfield>
    <subfield code="b">NLR</subfield>
    <subfield code="c">20141230</subfield>
    <subfield code="2">rusmarc</subfield>
  </datafield>
  <datafield tag="852" ind1=" " ind2=" ">
    <subfield code="a">NLR</subfield>
    <subfield code="j">&#x417;02 &#x413;-7/12 (1-4)</subfield>
  </datafield>
  <datafield tag="942" ind1=" " ind2=" ">
    <subfield code="c">UNSPEC</subfield>
  </datafield>
  <datafield tag="980" ind1=" " ind2=" ">
    <subfield code="a">NB</subfield>
  </datafield>
</record>
